00000000nam 2200000zi 4500
0019.947541
003CaOODSP
00520250130094424
006m     o  d f      
007cr cn|||||||||
008250129t20172017oncbd   obs  f000 0 eng d
040 |aCaOODSP|beng|erda|cCaOODSP
043 |an-cn---
0861 |aCS95-640/16-2016E-PDF
24500|aFarmers are adapting to evolving markets.
264 1|a[Ottawa] : |bStatistics Canada = Statistique Canada, |c2017.
264 4|c©2017
300 |a1 online resource (13 pages) : |bmaps, graphs.
336 |atext|btxt|2rdacontent
337 |acomputer|bc|2rdamedia
338 |aonline resource|bcr|2rdacarrier
500 |aCover title.
500 |a"Release date: June 14, 2017."
500 |aIssued also in French under title: Les exploitants agricoles s'adaptent à l'évolution des marchés.
504 |aIncludes bibliographical references (page 13).
520 |a"When eliminating the impact of price change, gross farm receipts totalled $69.4 billion in 2015, an increase of 4.7% since 2010, with larger revenue farms responsible for most of the rise"--Page 3.
650 0|aFarmers|zCanada|xEconomic conditions|vStatistics.
650 0|aAgriculture|xEconomic aspects|zCanada|vStatistics.
655 7|aStatistics|2lcgft
7102 |aStatistics Canada, |eissuing body.
77508|tLes exploitants agricoles s'adaptent à l'évolution des marchés.|w(CaOODSP)9.947542
85640|qPDF|s2.19 MB|uhttps://publications.gc.ca/collections/collection_2025/statcan/95-640-x/CS95-640-16-2016-eng.pdf
8564 |qHTML|sN/A|uhttps://www150.statcan.gc.ca/n1/pub/95-640-x/2016001/article/14815-eng.htm
986 |a95-640-X